000 00519nam a22001817a 4500
005 20251108172113.0
008 250721s9999 xx 000 0 ara d
082 1 4 _a581.14/ريس
100 1 _aالريس، عبد الهادي جواد
245 1 0 _aالتغذية النباتية /
264 1 _aبغداد :
300 _aج
500 _aإعتمد ج2 في الوصف الببليوغرافي
650 1 7 _aعلم النبات
650 1 7 _aتغذية النبات
942 _2ddc
_cBK
999 _c70529
_d70529